[Event "SVK-chT2D 1617"]
[Site "Slovakia"]
[Date "2017.03.11"]
[Round "10.5"]
[White "Danko, Milan"]
[Black "Zuscin, Martin"]
[Result "0-1"]
[WhiteElo "1738"]
[BlackElo "1961"]
[PlyCount "83"]
[EventDate "2016.10.08"]
[EventType "team-tourn"]
[EventRounds "11"]
[EventCountry "SVK"]
[SourceTitle "EXT 2019"]
[Source "ChessBase"]
[SourceDate "2018.10.10"]
[SourceVersion "1"]
[SourceVersionDate "2018.10.10"]
[SourceQuality "1"]
[WhiteTeam "Kosice Dynamo"]
[BlackTeam "Bardejov II"]
[WhiteTeamCountry "SVK"]
[BlackTeamCountry "SVK"]

1. e4 e5 2. Nf3 Nf6 3. Nc3 Nc6 4. d4 exd4 5. Nxd4 Bb4 6. Bg5 h6 7. Nxc6 bxc6 8. Bd2 Qe7 9. Qe2 0-0 10. e5 Nd5 11. Ne4 Qxe5 12. Bxb4 Qxb2 13. Bxf8 Qxa1+ 14. Qd1 Qxd1+ 15. Kxd1 Kxf8 16. Bc4 Nf4 17. Bf1 d5 18. Nc5 Rb8 19. Kc1 Ne6 20. Nb3 Rb6 21. g3 c5 22. Bh3 c4 23. Bxe6 Bxe6 24. Nd4 c5 25. Ne2 d4 26. c3 Bg4 27. Re1 Re6 28. Kd2 Rxe2+ 29. Rxe2 Bxe2 30. Kxe2 Ke7 31. Kd2 Ke6 32. Kc2 Ke5 33. f3 f5 34. h3 g5 35. Kd1 h5 36. Kc2 g4 37. hxg4 hxg4 38. fxg4 fxg4 39. Kd2 Ke4 40. Ke2 d3+ 41. Kf2 d2 42. Ke2 0-1

[Event "Humenne Reinter op"]
[Site "Humenne"]
[Date "2015.??.??"]
[Round "3"]
[White "Simonova, Stela"]
[Black "Danko, Milan"]
[Result "0-1"]
[WhiteElo "1226"]
[BlackElo "1806"]
[PlyCount "66"]
[EventDate "2015.06.12"]
[EventType "swiss"]
[EventRounds "7"]
[EventCountry "SVK"]
[SourceTitle "CBM 167 Extra"]
[Source "ChessBase"]
[SourceDate "2015.09.14"]
[SourceVersion "1"]
[SourceVersionDate "2015.09.14"]
[SourceQuality "1"]

1. e4 e5 2. Nf3 Nc6 3. Bc4 h6 4. c3 Nf6 5. d3 a6 6. Bb3 Bc5 7. 0-0 d6 8. Bc2 Bg4 9. h3 Bh5 10. Nbd2 0-0 11. Re1 d5 12. Nf1 dxe4 13. dxe4 Qxd1 14. Rxd1 Bxf3 15. gxf3 Rad8 16. Bd2 Nh5 17. Ng3 Nxg3 18. b4 Bb6 19. a4 Ne2+ 20. Kg2 Nf4+ 21. Kg3 Rd6 22. Be3 Rxd1 23. Rxd1 Bxe3 24. fxe3 Ne6 25. a5 Rd8 26. Rc1 Rd2 27. f4 Re2 28. Kf3 Rh2 29. Kg3 Rd2 30. f5 Ng5 31. h4 Nh7 32. Bb3 Nf6 33. Rb1 Nxe4+ 0-1

[Event "SVK-chT2D 0708"]
[Site "Slovakia"]
[Date "2007.10.06"]
[Round "1.2"]
[White "Danko, Milan"]
[Black "Kmit, Jozef"]
[Result "0-1"]
[WhiteElo "1824"]
[BlackElo "1999"]
[PlyCount "92"]
[EventDate "2007.10.06"]
[EventType "team-tourn"]
[EventRounds "11"]
[EventCountry "SVK"]
[SourceTitle "EXT 2010"]
[Source "ChessBase"]
[SourceDate "2010.11.25"]
[SourceVersion "1"]
[SourceVersionDate "2010.11.25"]
[SourceQuality "1"]
[WhiteTeam "Kosice Dynamo"]
[BlackTeam "Zborov Magura"]
[WhiteTeamCountry "SVK"]
[BlackTeamCountry "SVK"]

1. e4 c5 2. Nf3 g6 3. d4 cxd4 4. Nxd4 Bg7 5. Nc3 Nc6 6. Nb3 Nf6 7. Bg5 d6 8. Qd2 a5 9. Bb5 Bd7 10. Bh6 Bxh6 11. Qxh6 a4 12. Bxa4 Rxa4 13. Nxa4 Nxe4 14. Qg7 Rf8 15. Nc3 Nf6 16. Qh6 Qb6 17. 0-0 Bf5 18. Qd2 Ne5 19. Nd5 Nxd5 20. Qxd5 Bxc2 21. Rac1 Bxb3 22. axb3 Kd7 23. Rfd1 Nc6 24. Rc3 h5 25. Qc5 Qxc5 26. Rxc5 Ra8 27. h3 e6 28. Rc4 Ra6 29. Rdc1 Rb6 30. R1c3 d5 31. Ra4 e5 32. f3 d4 33. Rd3 f5 34. Kf2 h4 35. Ra8 e4 36. fxe4 fxe4 37. Rd1 Rxb3 38. Rg8 Rxb2+ 39. Kf1 e3 40. Rg7+ Ke6 41. Ke1 Rxg2 42. Rd3 Ne5 43. Rb3 d3 44. Rb6+ Kf5 45. Kf1 Rf2+ 46. Kg1 Nf3+ 0-1

[Event "SVK-chT2D 0607"]
[Site "Slovakia"]
[Date "2007.03.18"]
[Round "11.5"]
[White "Cuper, Jan"]
[Black "Danko, Milan"]
[Result "0-1"]
[WhiteElo "2014"]
[BlackElo "1732"]
[PlyCount "36"]
[EventDate "2006.10.14"]
[EventType "team-tourn"]
[EventRounds "11"]
[EventCountry "SVK"]
[SourceTitle "EXT 2008"]
[Source "ChessBase"]
[SourceDate "2007.11.25"]
[SourceVersion "1"]
[SourceVersionDate "2007.11.25"]
[SourceQuality "1"]
[WhiteTeam "Bardejov BSK"]
[BlackTeam "Kosice DPMK"]
[WhiteTeamCountry "SVK"]
[BlackTeamCountry "SVK"]

1. e4 e5 2. Nf3 d6 3. d4 exd4 4. Nxd4 Nc6 5. Be3 Nxd4 6. Qxd4 Nf6 7. Nc3 Be7 8. f3 0-0 9. h4 Be6 10. g4 c5 11. Qd2 d5 12. exd5 Nxd5 13. 0-0-0 Nxe3 14. Qxe3 Qa5 15. a3 Bf6 16. Nd5 Bxd5 17. Rxd5 Bd4 18. Qb3 Qe1# 0-1

[Event "SVK-chT2 0304"]
[Site "Slovakia"]
[Date "2004.??.??"]
[Round "9"]
[White "Danko, Milan"]
[Black "Valuska, Jan"]
[Result "0-1"]
[WhiteElo "2055"]
[BlackElo "2020"]
[PlyCount "52"]
[EventDate "2003.10.??"]
[EventType "team"]
[EventRounds "11"]
[EventCountry "SVK"]
[SourceTitle "EXT 2006"]
[Source "ChessBase"]
[SourceDate "2005.11.24"]
[SourceVersion "1"]
[SourceVersionDate "2005.11.24"]
[SourceQuality "1"]

1. c4 e5 2. Nc3 Nf6 3. g3 d5 4. cxd5 Nxd5 5. Bg2 Be6 6. Qa4+ c6 7. a3 Nd7 8. Nf3 Nc5 9. Qd1 Nf4 10. 0-0 Nxg2 11. Kxg2 e4 12. Ng1 Bb3 13. Qe1 Be7 14. f3 exf3+ 15. Rxf3 0-0 16. d3 Re8 17. Qf2 Nd7 18. d4 c5 19. Be3 Bf6 20. Nb5 Bd5 21. Rd1 Qb6 22. dxc5 Bxf3+ 23. Nxf3 Qxb5 24. Rd2 Ne5 25. h3 Nc4 26. Rd3 Nxb2 0-1